Transportes y comunicación (Registro nro. 6713)
[ vista simple ]
| 000 - LÍDER | |
|---|---|
| campo de control de longitud fija | 01129nam a2200313 i 4500 |
| 005 - FECHA Y HORA DE LA ÚLTIMA TRANSACCIÓN | |
| campo de control | 20210727153347.0 |
| 008 - ELEMENTOS DE DATOS DE LONGITUD FIJA - INFORMACIÓN GENERAL | |
| campo de control de longitud fija | 300320s2009 sp a gr 000 0 spa d |
| 020 ## - INTERNATIONAL STANDARD BOOK NUMBER | |
| International Standard Book Number | 9788434225114 |
| 040 ## - FUENTE DE CATALOGACIÓN | |
| Agencia de catalogación original | CO-BoRNBP |
| Lenguaje de catalogación | spa |
| Agencia de transcripción | CO-BoRNBP |
| Descripción convenciones | rda |
| 041 0# - CÓDIGO DE LENGUAJE | |
| Código de idioma de texto / pista de sonido o título separado | spa |
| 082 04 - NÚMERO DE CLASIFICACIÓN DECIMAL DEWEY | |
| Número de clasificación | 388 |
| Número de artículo | N67t |
| Número de edición | 23 |
| 100 1# - ENTRADA PRINCIPAL - NOMBRE PERSONAL | |
| Nombre de la persona | Nos Aguilá, Oriol, |
| Término del Relator | autor |
| 245 10 - TÍTULO DECLARACIÓN | |
| Título | Transportes y comunicación |
| Declaración de responsabilidad | Oriol Nos Aguilá ; editor Jesús Araújo ; fotografías Nos & Soto, Corel, Corbis |
| 250 ## - DECLARACIÓN DE EDICIÓN | |
| Sentencia de edición | Quinta edición |
| 264 #1 - AVISO DE PRODUCCIÓN, PUBLICACIÓN, DISTRIBUCIÓN, FABRICACIÓN Y DERECHOS DE AUTOR | |
| Lugar de producción | Barcelona |
| Nombre del productor | Parramón |
| Fecha de producción | 2009 |
| 300 ## - DESCRIPCIÓN FÍSICA | |
| Alcance | 48 páginas |
| Otros datos físicos | ilustraciones a color |
| Dimensiones | 28 cm |
| 336 ## - TIPO DE CONTENIDO | |
| Tipo de contenido | texto |
| Código de tipo de contenido | txt |
| Fuente | rdacontent |
| 337 ## - TIPO DE MEDIO | |
| Término del tipo de medio | sin mediación |
| Código de tipo de medio | n |
| Fuente | rdamedia |
| 338 ## - TIPO DE PORTADOR | |
| Término del tipo de operador | volumen |
| Código de tipo de operador | nc |
| Fuente | rdacarrier |
| 490 0# - DECLARACIÓN EN SERIE | |
| Estado de cuenta de la serie | Pequeño ingeniero |
| 500 ## - NOTA GENERAL | |
| Nota general | Incluye glosario |
| 505 1# - NOTA DE CONTENIDO FORMATEADA | |
| Nota sobre el contenido formateado | Prácticas de transportes -- Prácticas de comunicación -- Orientaciones didácticas |
| 650 17 - ENTRADA DE SUJETO AÑADIDO - TÉRMINO TÓPICO | |
| Término tópico o elemento de entrada del nombre geográfico | Transporte |
| Subdivisión general | Experimentos |
| Fuente del título o término | ARMARC |
| 650 17 - ENTRADA DE SUJETO AÑADIDO - TÉRMINO TÓPICO | |
| Término tópico o elemento de entrada del nombre geográfico | Comunicaciones |
| Subdivisión general | Experimentos |
| Fuente del título o término | ARMARC |
| 650 17 - ENTRADA DE SUJETO AÑADIDO - TÉRMINO TÓPICO | |
| Término tópico o elemento de entrada del nombre geográfico | Transporte |
| Subdivisión general | Clasificación |
| Fuente del título o término | LEMB |
| 650 17 - ENTRADA DE SUJETO AÑADIDO - TÉRMINO TÓPICO | |
| Término tópico o elemento de entrada del nombre geográfico | Comunicación |
| Subdivisión general | Clasificación |
| Fuente del título o término | ARMARC |
| 700 1# - ENTRADA AGREGADA - NOMBRE PERSONAL | |
| Nombre de la persona | Araujo, Jesús, |
| Término del Relator | editor |
| 942 ## - ELEMENTOS DE ENTRADA AGREGADOS (KOHA) | |
| Fuente de clasificación o esquema de estanterías | Dewey Decimal Classification |
| Tipo de artículo Koha | Libro |
| Estado de retirada | Pérdida de estatus | Fuente de clasificación o esquema de estanterías | Estado dañado | No para préstamo | Código de recogida | Ubicación permanente | Ubicación actual | Ubicación de las estanterías | Fecha de adquisición | Fuente de adquisición | Total de Cajas | Número Topográfico | Código de barras | Precio efectivo desde | Número de copia | Fecha de la última vez que se vio | Tipo de artículo Koha |
|---|---|---|---|---|---|---|---|---|---|---|---|---|---|---|---|---|---|
| Dewey Decimal Classification | General | Biblioteca Pública Municipal Pública Municipal de Santuario | Biblioteca Pública Municipal Pública Municipal de Santuario | Área General | 13/09/2022 | Dotación MinCultura y BNC | 388 N67t | SANT18 - 0380 | 13/09/2022 | Ej. 1 | 13/09/2022 | Libro |